Statistiques concernant Quiz rapide sur Harry Potter #2

Cliquez ici pour prendre le quiz!

Statistiques générales

  • Ce quiz a été pris 344 fois
  • Le résultat moyen est 12 sur 15

Statistiques - réponses

HintRéponse% Correct
Chemin deTraverse
99%
Pré-Au-Lard
95%
La ForêtInterdite
93%
ChaudronBaveur
92%
La salle surDemande
91%
4 PrivetDrive
91%
CabaneHurlante
90%
Barjow etBeurk
89%
Les TroisBalais
76%
Le stade deQuidditch
75%
La tête deSanglier
75%
L'allée desEmbrumes
72%
Fleury etBott
70%
La GrandeSalle
59%
Salon de théde madame Pieddodu
19%

Distribution des résultats

Percentile par nombre de réponses

% des personnes avec chaque résultat

Votre développement - résultats

Vous n’avez pas pris ce quiz